1121 1814 1048 1891 1349 1200 1407 1916 1010 1614 1015 1275 1088 1939 1759 1369 1493 1600 1484 1316 1766 1731 1585 1125 1556 1580 1357 1934 1721 1043 1771 1360 1596 1807 1451 1913 1640 1389 1290 1819 1253 1418 1254 1055 1223 1455 1511 1258 1776 1187 1188 1444 1744 1051 1348 1882 1269 1212 1651 1498 1367 1869 1770 1986 1192 1773 1273 1207 1051 1051 1128 1001 1233 1921 1482 1759 1373 1727 1754 1688 1886 1326 1678 1175 1792 1128 1160 1318 1343 1277 1659 1674 1663 1174 1113 1363 1323 1157 1221 BCNSPRNW ULIB Ver.6.0+V

เปลี่ยนเป็นภาษาไทย

Change to English
 แสดงรายละเอียดบรรณานุกรม
  กลับหน้าหลัก

Brief Record : Get Marc (ISO 2709) : E-mail record : QR code < ปิดหน้าต่าง
LEADER : 00000nam 2200000uu 4500
001    13399112149
003     ULIB
008    110729s2554||||th 000 0 tha d
020    9789740327561
050  4 H62^bส721จ 2554
100 0  สิทธิ์ ธีรสรณ์
245 10 จากงานวิจัยสู่บทความวิชาการ /^cสิทธิ์ ธีรสรณ์
250    พิมพ์ครั้งที่ 1
260    กรุงเทพฯ :^bสำนักพิมพ์แห่งจุฬาลงการณ์มหาวิทยาลัย,^c2554
300    183 หน้า ;^c21 ซม.
650  4 การเขียนทางวิชาการ
650  4 วิจัย^xการเขียนบทความ
945    ^p100^l0^i18451
945    ^p100^l0^i18610
995    กัณชพร
999 ^a ใช้งานได้ทุกระบบ
รายการนี้ยังไม่มีแท็ก
คุณยังไม่ได้ล็อกอิน คุณสามารถมีกิจกรรมร่วมกับเว็บไซต์ได้ แต่ต้องล็อกอินก่อน ::
  ล็อกอิน

รายการสื่อสารสนเทศ

ลำดับที่ ประเภท เลขเรียก/บาร์โค้ด สถานที่ สถานะ
- ไม่พบข้อมูล -

รายการใกล้เคียง
    ผู้แต่ง [สิทธิ์ ธีรสรณ์]

    หัวเรื่อง [การเขียนทางวิชาการ]

BibComment


ยังไม่เคยถูกคอมเมนท์

คอมเมนท์ทรัพยากรรายการนี้
  คอมเมนท์: จากงานวิจัยสู่บทค..


 Copyright 2026. Bcnsprnw @Library